000 01554nam a2200385 a 4500
001 ebr10382801
003 CaPaEBR
006 m u
007 cr cn|||||||||
008 100610r20001957dcu sb 001 0 eng d
010 _z 57001545
020 _z9780813210247
020 _z0813210240
020 _z9780813211336 (e-book)
040 _aCaPaEBR
_cCaPaEBR
035 _a(OCoLC)647919825
041 1 _aeng
_hgrc
050 1 4 _aBR65.C43
_bE54 2000eb
100 0 _aJohn Chrysostom,
_cSaint,
_dd. 407.
245 1 0 _aCommentary on Saint John the apostle and evangelist.
_pHomilies 1-47
_h[electronic resource] /
_ctranslated by Sister Thomas Aquinas Goggin.
260 _aWashington, D.C. :
_bCatholic University of America Press,
_c2000, c1957.
300 _axx, 485 p.
490 1 _aThe fathers of the church : a new translation ;
_vv. 33
500 _aFirst short-run reprint.
504 _aIncludes bibliographical references and index.
533 _aElectronic reproduction.
_bPalo Alto, Calif. :
_cebrary,
_d2013.
_nAvailable via World Wide Web.
_nAccess may be limited to ebrary affiliated libraries.
630 0 0 _aBible.
_pN.T.
_pJohn
_vSermons.
650 0 _aSermons, Early Christian.
650 0 _aSermons, Greek.
655 7 _aElectronic books.
_2local
700 1 _aGoggin, Thomas Aquinas,
_cSister,
_d1911-
710 2 _aebrary, Inc.
830 0 _aFathers of the church ;
_vv. 33.
856 4 0 _uhttp://site.ebrary.com/lib/rucke/Doc?id=10382801
_zAn electronic book accessible through the World Wide Web; click to view
999 _c103642
_d103642